000 00679nam a2200193 i 4500
001 36102
003 ES-MaACL
005 20230906155311.0
007 t|
008 030217s1939 sp ||||1| spa d
100 1 _aBromell, J. Norman.
_931884
245 1 0 _aAnatomía e histología de la boca y dientes /
_cpor J. Norman Bromell y Felipe Fischellis ; traducción de J. Vilá Torrent.
250 _a6ª ed. norteamericana rev.
260 _aBarcelona :
_bPubul,
_c[1939] (
_fUnión Gráfica)
300 _aXV, 496 p., 1 lám. col. :
_bil. ;
_c23 cm.
700 1 _aFischellis, Felipe.
_950976
700 1 _aVilá y Torrent, José.
_9114741
852 _aES-MaACL
_jE-421
_bR.20530
999 _c36102
_d36102